000 00746nam a22002537a 4500
001 BD-DhSAU 3038
003 BD-DhSAU
005 20150203145153.0
008 150203b2001 ii a|||| |||| 00| 0 eng d
020 _a8172332750
040 _aBD-DhSAU
082 _222
_a581.7
_bPHY
245 _aPhytohormones in crop productivity under different environments /
_cEditors, Nafees A. Khan, Samiullah
260 _aJodhpur, India :
_bScientific Pub. ,
_cc2001.
300 _axii, 233 p. :
_bill. ;
_c22 cm.
504 _aIncludes bibliographical references.
590 _aJerin
650 _aBotany
650 _aPhytohormones
650 _acrop productivity
650 _aenvironment
700 _aEditors, Khan, Nafees A.
700 _aSamiullah
942 _2ddc
_cBOOK
999 _c3038
_d3038